00382pab a2200121 454500008004000000100002400040245013100064260000900195300001500204362001200219650001100231773001800242180718b2014 xxu||||| |||| 00| 0 eng d aThadathil, Abhilash aAnthropological solution to a socio-economic problem: A critical analysis of the colonial literature on Travancore hill tribes c2014 ap.397-407. aOct-Dec aTribes aSocial Action